ბათუმის შოთა რუსთაველის სახელმწიფო უნივერსიტეტის ბიბლიოთეკა

ВОДА химия и екология : (ბიბ.ჩანაწერი № 12068)

000 -LEADER
fixed length control field 00612nam a22001697a 4500
005 - DATE AND TIME OF LATEST TRANSACTION
control field 20190420191454.0
008 - FIXED-LENGTH DATA ELEMENTS--GENERAL INFORMATION
fixed length control field 181216c2018 ru ||||| |||| 00| 0 rus d
022 ## - INTERNATIONAL STANDARD SERIAL NUMBER
International Standard Serial Number 2072-8158
041 ## - LANGUAGE CODE
Language code of text/sound track or separate title geo
245 ## - TITLE STATEMENT
Title ВОДА химия и екология :
Remainder of title 2018 : Всероссийский научно-практический журнал /
Statement of responsibility, etc. ред. Н.Н. Кулов
260 ## - PUBLICATION, DISTRIBUTION, ETC.
Place of publication, distribution, etc. Москва :
Name of publisher, distributor, etc. Принтэлит,
Date of publication, distribution, etc. 2018.
300 ## - PHYSICAL DESCRIPTION
Extent v.
653 ## - INDEX TERM--UNCONTROLLED
Uncontrolled term ეკოლოგია
653 ## - INDEX TERM--UNCONTROLLED
Uncontrolled term პერიოდიკა
700 ## - ADDED ENTRY--PERSONAL NAME
Personal name Кулов, Н. Н.
Relator term რედაქტორი
9 (RLIN) 85
942 ## - ADDED ENTRY ELEMENTS (KOHA)
Source of classification or shelving scheme
Koha item type პერიოდიკა
ეგზემპლარები
Withdrawn status Lost status Source of classification or shelving scheme Damaged status Not for loan Permanent Location Current Location Date acquired Serial Enumeration / chronology Barcode Date last seen Copy number Price effective from Koha item type
          ბათუმის შოთა რუსთაველის სახელმწიფო უნივერსიტეტის მთავარი ბიბლიოთეკა ბათუმის შოთა რუსთაველის სახელმწიფო უნივერსიტეტის მთავარი ბიბლიოთეკა 2018-12-16 N 04-06 (2018) 79619 2018-12-16 79619 2018-12-16 პერიოდიკა